| 000 | nam a22 7a 4500 | ||
|---|---|---|---|
| 999 |
_c329505 _d329505 |
||
| 003 | NUST | ||
| 005 | 20170510175310.0 | ||
| 008 | 170510b xxu||||| |||| 00| 0 eng d | ||
| 020 | _a978-00-0736088-8 | ||
| 040 | _cDLC | ||
| 082 |
_a200.92 _bARM |
||
| 245 |
_aThe Spiral Staircased : A Memoir / _cKaren Armstrong |
||
| 260 |
_aLondon : _bHarper Perennial, _c2004 |
||
| 300 |
_a342p. : _bill. ; _c23 cm |
||
| 942 |
_2ddc _cBK |
||